000 00484nam a2200193Ia 4500
008 200601s9999 xx 000 0 und d
020 _a81-7169-666
050 _aREF HF 5621
050 _b.G87 2003
100 _aGupta, C. P.
245 0 _aDictionary of accounting /
245 0 _cC. P. Gupta.
260 _aNew Delhi, India:
260 _bCommonwealth Publishers.
260 _c2001
300 _a325 pages :
300 _c22 cm.
650 _aAccounting -- Dictionaries.
999 _c363361
_d363361